| 000 | 00751nam a2200229 u 4500 | ||
|---|---|---|---|
| 005 | 20240111063543.0 | ||
| 008 | 150311s2004 r 000 0 eng d | ||
| 020 | _a8449428939 | ||
| 035 | _aUPN01000202431 | ||
| 049 | _aI | ||
| 050 | 4 |
_aTT174 _bC7.3 |
|
| 245 | 0 | 0 |
_aCreatividad y valores / _bdir. Carlos Gispert. |
| 260 |
_aBarcelona, Esp. : _bOcéano, _c2004. |
||
| 300 |
_a104 p. : _bil. col. + _e1 CD-ROM ; 4 3/4 plg. |
||
| 440 | 0 |
_aTaller de juguetes ; _v1 |
|
| 500 | _aEl CD-ROM solicitalo en el "Mostrador de Préstamo" | ||
| 650 | 4 |
_aJUGUETES - _xCONSTRUCCION - _vLITERATURA JUVENIL _98233 |
|
| 650 | 2 |
_aJuguetes _911338 |
|
| 650 | 0 |
_aTrabajos manuales (Educación) _vLiteratura infantil _921233 |
|
| 905 | _aInfantil | ||
| 999 |
_c174532 _d174532 |
||